El álgebra de Boole / (Record no. 41636)

MARC details
000 -LEADER
campo de control de longitud fija 00585nam a2200193 i 4500
001 - NÚMERO DE CONTROL
campo de control 41636
003 - IDENTIFICADOR DE NÚMERO DE CONTROL
campo de control ES-MaACL
007 - CAMPO FIJO DE DESCRIPCIÓN FÍSICA--INFORMACIÓN GENERAL
campo de control de longitud fija t|
008 - DATOS DE LONGITUD FIJA--INFORMACIÓN GENERAL
campo de control de longitud fija 030311s1975 sp ||||1| spa d
100 1# - ENTRADA PRINCIPAL--NOMBRE DE PERSONA
Nombre de persona Casanova, Gaston.
9 (RLIN) 36096
245 13 - MENCIÓN DEL TÍTULO
Título El álgebra de Boole /
Mención de responsabilidad, etc. Gastón Casanova ; [traducción por Dionisio García Conde].
260 ## - PUBLICACIÓN, DISTRIBUCIÓN, ETC.
Lugar de publicación, distribución, etc. Madrid :
Nombre del editor, distribuidor, etc. Tecnos,
Fecha de publicación, distribución, etc. [1975]
300 ## - DESCRIPCIÓN FÍSICA
Extensión 118 p. ;
Dimensiones 20 cm.
490 1# - MENCIÓN DE SERIE
Mención de serie Serie de matemática
700 1# - ENTRADA AGREGADA--NOMBRE PERSONAL
Nombre de persona García Conde, Dionisio.
9 (RLIN) 54377
830 0# - PUNTO DE ACCESO ADICIONAL DE SERIE-TÍTULO UNIFORME
Título uniforme Serie de matemática
9 (RLIN) 182873
852 ## - LOCALIZACIÓN
Ubicación ES-MaACL
Número de control de estantería E-8380
Sublocalización o colección R.92683
Holdings
Estatus retirado Estado de pérdida Estado de daño No para préstamo Biblioteca de origen Biblioteca actual Ubicación en estantería Fecha de adquisición Fuente de adquisición Total de préstamos Signatura topográfica completa Código de barras Visto por última vez Precio de reemplazo Tipo de ítem Koha
        Biblioteca del Ateneo de Madrid Biblioteca del Ateneo de Madrid Depósito 2 17/01/2008     E-8380 1043831 23/02/2023 23/02/2023 Libro impreso